000 00797cab a2200229 4500
001 ABS44940
008 090401t1991 xxu||||| |||| 00| 0 eng d
035 _a(Sirsi) u49976
041 _aeng
100 _aNuiten, P.C
245 _aCurrent distribution in `multi-element` cathodic protection systems
260 _c1991
350 _a0
490 _aConstruction Maintenance & Repair
_v5(4) July/August 1991, 8-13
520 _aDescribes the cathodic protection system used to repair residential housing blocks, where precast concrete elements had corroded because of the chloride content in the concrete.
650 _aCORROSION
650 _aNETHERLANDS
690 _aBUILDING AND CONSTRUCTION-REPAIRS AND MAINTENANCE
700 _aPolder, R.B
942 _n0
948 _c04/03/1997
999 _c31263
_d31263